| 000 | 01834nam a2200457 i 4500 | ||
|---|---|---|---|
| 001 | 44155 | ||
| 003 | ES-MaCES | ||
| 005 | 20240205111948.0 | ||
| 008 | 110603s2013 sp l 100 | spa d | ||
| 017 |
_aV 1206-2013 _bDL |
||
| 020 | _a9788490336304 | ||
| 035 | _aCES20110004587m | ||
| 040 |
_aES-MaCES _bspa _cES-MaCES |
||
| 110 | 2 |
_940044 _aAsociación Española de Derecho del Trabajo y de la Seguridad Social _bCongreso Anual _d2012 _n22º _cDonostia |
|
| 245 | 1 | 4 |
_aLas reformas del Derecho del Trabajo en el contexto de la crisis económica _b: la reforma laboral de 2012 _cXXII Congreso Nacional [de la] Asociación Española de Derecho del Trabajo y de la Seguridad Social, [17 y 18 de mayo de 2012 en Donostia] |
| 260 |
_aValencia _bTirant lo Blanch _c2013 |
||
| 300 |
_a1750 p. _c24 cm |
||
| 490 | 1 | _aTirant lo Blanch homenajes congresos | |
| 541 | _cCompra | ||
| 650 | 4 |
_acrisis económica _927102 |
|
| 650 | 4 |
_acambio estructural _930042 |
|
| 650 | 4 |
_adesempleo _928308 |
|
| 650 | 4 |
_aderecho del trabajo _927165 |
|
| 650 | 4 |
_areforma legislativa _929892 |
|
| 650 | 4 |
_aflexibilidad del trabajo _930174 |
|
| 650 | 4 |
_anegociación colectiva _928362 |
|
| 650 | 4 |
_aEspaña _926964 |
|
| 650 | 4 |
_alegislación del trabajo _927166 |
|
| 650 | 4 |
_areforma legislativa _929892 |
|
| 650 | 4 |
_a2012 _931808 |
|
| 650 | 4 |
_arégimen jurídico _929894 |
|
| 650 | 4 |
_aconferencia _927013 |
|
| 650 | 4 |
_928300 _apolítica de empleo |
|
| 650 | 4 |
_928369 _arelaciones laborales |
|
| 653 | 1 | 0 | _aDerecho del trabajo y Seguridad Social |
| 787 | 0 |
_tLos nuevos marcos de relaciones laborales en el renovado Estado de las Autonomías _w(ES-MaCES)23825 |
|
| 830 | 0 |
_aHomenajes & congresos (Tirant lo Blanch (Firma)) _934426 |
|
| 902 | _aLIB Libro | ||
| 942 |
_2CES _cBK _h6.0.1. |
||
| 999 |
_c44155 _d44155 |
||